Regulácia cien v podmienkach transformácie slovenskej ekonomiky habilitačná práca

Salvato in:
Dettagli Bibliografici
Autore principale: Holková, Vieroslava
Ente Autore: Národohospodárska fakulta EU. Katedra hospodárskej politiky
Natura: Libro
Lingua:slovacco
Pubblicazione: Bratislava Ekonomická univerzita FNH 1996
Soggetti:
Tags: Aggiungi Tag
Nessun Tag, puoi essere il primo ad aggiungerne!!

MARC

LEADER 00000nam a2200000 4500
001 c117421
005 20221123122521.1
041 0 |a slo 
044 |a SK 
245 1 0 |a Regulácia cien v podmienkach transformácie slovenskej ekonomiky  |b habilitačná práca  |c Vieroslava Holková 
264 1 |a Bratislava  |b Ekonomická univerzita FNH  |c 1996 
300 |a 118 s. 
610 2 0 |a regulácia cenová 
610 2 0 |a mechanizmus trhový 
610 2 0 |a transformácia 
610 2 0 |a Slovensko 
100 1 |a Holková, Vieroslava 
710 2 |a Národohospodárska fakulta EU. Katedra hospodárskej politiky